BIBLIOTECA PODER JUDICIAL
Portal Judicial TDF

Régimen legal bancario / (Registro nro. 1041)

000 -LEADER
fixed length control field 01208nam a22002297a 4500
003 - CONTROL NUMBER IDENTIFIER
control field OSt
005 - DATE AND TIME OF LATEST TRANSACTION
control field 20191029062629.0
008 - FIXED-LENGTH DATA ELEMENTS--GENERAL INFORMATION
fixed length control field 180305b xxu||||| |||| 00| 0 spa d
020 ## - INTERNATIONAL STANDARD BOOK NUMBER
International Standard Book Number 9509385611
040 ## - CATALOGING SOURCE
Transcribing agency PJ
100 ## - ASIENTO PRINCIPAL - NOMBRE DE PERSONA
9 (RLIN) 1322
Personal name Livellara, Carlos Alberto
245 10 - MENCIÓN DE TÍTULO
Título propiamente dicho Régimen legal bancario /
Mención de responsabilidad, etc Carlos Alberto Livellara.
260 ## - PUBLICATION, DISTRIBUTION, ETC. (IMPRINT)
Place of publication, distribution, etc Buenos Aires :
Name of publisher, distributor, etc Ciudad Argentina,
Date of publication, distribution, etc 1996.
300 ## - DESCRIPCION FISICA
Extent 564 p.
Dimensions 20 cm.
504 ## - NOTA DE BIBLIOGRAFÍA, ETC.
Bibliography, etc Bibliografía: p. 529-551.
505 ## - FORMATTED CONTENTS NOTE
Formatted contents note Contenido:<br/>La actividad laboral bancaria y su regulación -- Desarrollo de la normativa regulatoria heteronoma (1º parte) -- Desarrollo de la normativa regulatoria heteronoma (2º parte) -- Fuente autónoma: El convenio colectivo de trabajo de la actividad bancaria -- Derecho y deberes (1º parte) -- Derecho y deberes (2º parte) -- Condiciones de trabajo -- Régimen remuneratorio -- Suspensiones derivadas de la investigación de la conducta del trabajador --Reglamentos de empresa -- Legislación complementaria.
650 #0 - ASIENTO SECUNDARIO DE MATERIA - TERMINO TEMATICO
9 (RLIN) 1316
Topical term or geographic name as entry element DERECHO LABORAL
650 #0 - ASIENTO SECUNDARIO DE MATERIA - TERMINO TEMATICO
9 (RLIN) 1338
Topical term or geographic name as entry element DERECHO COLECTIVO DEL TRABAJO
650 #0 - ASIENTO SECUNDARIO DE MATERIA - TERMINO TEMATICO
Topical term or geographic name as entry element CONDICIONES DE TRABAJO
9 (RLIN) 1319
650 #0 - ASIENTO SECUNDARIO DE MATERIA - TERMINO TEMATICO
9 (RLIN) 1526
Topical term or geographic name as entry element EMPLEADOS DE BANCOS
942 ## - ADDED ENTRY ELEMENTS (KOHA)
Source of classification or shelving scheme
Koha item type Libros
Classification part 349.22
Item part LIV
Existencias
Withdrawn status Lost status Source of classification or shelving scheme Damaged status Not for loan Permanent Location Current Location Date acquired Full call number Barcode Date last seen Price effective from Koha item type
          Biblioteca Poder Judicial Norte Biblioteca Poder Judicial Norte 2018-07-31 349.22 LIV RG 4387 2024-12-01 2018-07-31 Libros
          Biblioteca Poder Judicial Sur Biblioteca Poder Judicial Sur 2018-07-31 349.22 LIV 3697 2018-07-31 2018-07-31 Libros

12 de Octubre 789 Ushuaia - Tel:  54(02901)441571
Horario de Atención: 8.00 a 17.00 hs. 
bibliotecaush@justierradelfuego.gov.ar
koha@justierradelfuego.gov.ar
Seguinos en nuestras redes @bibliojustdf 

Con tecnología Koha